000 00802nam a2200145Ia 4500
008 210324s9999||||xx |||||||||||||| ||und||
040 _cSTCPL
041 _hMAL
082 _a894.8121
_bVAL-S
245 0 _aSahithyamanjari
_hസാഹിത്യമഞ്ജരി
260 _aKottayam
_bNational Book Stall
_c1964
300 _a90p, 16CM
650 _aGeneralप्रयुक्त पतियाँ, प्रतियों का पाठ- सडठन, पाठ - निधरिण रचना - तिथि, बीसल देव रास का काव्यात्व, प्रतियों का पाठ सम्बन्द सूत्र, विषय प्रवेश, काव्यवस्तु और उनकी ऐतिहासिकता
942 _cBK
999 _c11563
_d11563